| 000 | 00893nam a2200253Ia 4500 | ||
|---|---|---|---|
| 003 | OSt | ||
| 005 | 20220923220034.0 | ||
| 006 | a|||||r|||| 00| 0 | ||
| 007 | ta | ||
| 008 | 220922b |||||||| |||| 00| 0 hin d | ||
| 024 | _a183,722 | ||
| 037 | _cTextual | ||
| 040 |
_aARTS _cARTS _bhin |
||
| 041 |
_2hin _ahin |
||
| 082 | _aO152,1N2:g(P), L7 | ||
| 100 |
_aशर्मा, कृष्ण कांत _9156274 |
||
| 245 | 0 | _aछायावादी काव्य में बिम्ब विधान | |
| 246 | _aChhāyāvādī kāvya mean bimba vidhāna | ||
| 260 |
_aदिल्ली _b लोकवाणी प्रकाशन _c1977 |
||
| 300 |
_a203 पृ. _ccm. |
||
| 650 |
_aहिन्दी साहित्य _9156264 |
||
| 942 |
_hO152,1N2:g(P), L7 _cTEXL _2CC |
||
| 999 |
_c337042 _d337042 |
||